00973nam a2200241 a 45000050016000000080041000160200027000570370021000840400018001050820006001231000034001292450068001632600034002313000031002654900022002965000029003185200273003476500027006206500021006476500022006686510024006907000017007142009121102012.0060210s2007 nyua b 000 1 eng  a9780375835643 c100.00 bBlueberry Books  adplbEnglish  aS aGreenburg, J. C.q(Judith C.) aIn the jungle /cby J.C. Greenburg ; illustrated by Jan Gerardi aNew York bRandom Housec2007 a84 p. :bill. c20cm(pbk)  aAndrew lost ;v15 a"A Stepping Stone book." aLost in an Australian rainforest, Andrew, Judy, and Thudd the robot, who are still the size of insects, must evade Rhinoceros beetles, tarantulas, flesh-eating plants, and a host of other threats as they make their way toward the village where Uncle Al will meet them. aRain forestsvFiction. aRobotsvFiction. aCousinsvFiction. aAustraliavFiction. aGerardi, Jan